Statistics for Languages of Sweden

Click here to take the quiz!

General Stats

  • This quiz has been taken 378 times
  • The average score is 8 of 20

Answer Stats

?Language% Correct
Official languageSwedish
100%
Swedish Sign language
100%
Official minority languagesFinnish
89%
Main immigrant languagesArabic
85%
Sami
78%
Romani
52%
Persian
46%
Polish
45%
Spanish
42%
Somali
38%
Serbo-croatian
32%
Yiddish
32%
Meänkieli
26%
Greek
22%
Kurdish
22%
Elfdalian
14%
Modern Gutnish
11%
Scanian
10%
Jamtlandic
3%
Indigenous (unofficial) languagesWestrobothnian
2%

Score Distribution

Percentile by Number Answered

Percent of People with Each Score

Your Score History

You have not taken this quiz